000
00300 a2200145 4500
001
168130
020
_a
040
_c
Magnum
100
_a
Polya, G.
240
1
0
_a
A arte de resolver problemas
_l
por
245
1
0
_a
A arte de resolver problemas
362
0
_a
1899
697
_a
GERAL
942
_c
BK
999
_c
168130
_d
168130